Statystyki dla Funkcje polityczne. Rada ministrów - X kadencji. Rząd Donalda Tuska.

Kliknij tutaj aby rozwiązać quiz!

Ogólne statystyki

  • Ten quiz został rozwiązany 38 razy
  • Średni wynik to 10 z 15

Statystyki odpowiedzi

FunkcjaKto to?% Poprawnych
Premier (PRM) KODonald Tusk
97%
Wicepremier, Minister Obrony Narodowej (MON) PSLWładysław Kosiniak - Kamysz
91%
Minister Edukacji (ME) KOBarbara Nowacka
83%
Minister Sprawiedliwości (MS) BezpartyjnyAdam Bodnar
77%
Minister Kultury i Dziedzictwa Narodowego (MKiDN) KO(były - Bartłomiej Sienkiewicz) Hanna Wróblewska
71%
Wicepremier, Minister Cyfryzacji (MC) LewicaKrzysztof Gawkowski
71%
Minister Spraw Zagranicznych (MSZ) KORadosław Sikorski
71%
Minister Rodziny, Pracy i Polityki Społecznej (MR,PiPS) LewicaAgnieszka Dziemianowicz - Bąk
66%
Minister Aktywów Państwowych (MAP) KO(były - Borys Budka) Jakub Jaworowski
66%
Minister ds. Równości (Mds.R) LewicaKatarzyna Kotula
66%
Minister Zdrowia (MZ) KOIzabela Leszczyna
60%
Minister Rolnictwa i Rozwoju Wsi (MRiRW) PSLCzesław Siekierski
51%
Minister Nauki i Szkolnictwa Wyższego (MNiSW) LewicaDariusz Wieczorek
49%
Minister - członek rady ministrów, Szef Kancelarii Premiera (SKP) KOJan Grabiec
37%
Minister Przemysłu (MP) BezpartyjnaMarzena Czarnecka
23%

Rozkład punktacji

Percentyl według liczby udzielonych odpowiedzi

Procent ludzi z każdym wynikiem

Twoja historia wyników

Nie rozwiązałeś tego quizu